000 00693nam a2200205Ii 4500
003 JO-AjNU
008 230606s9999||||xx |||||||||||||| ||und||
040 _aJO-AjNU
_beng
_erda
_cJO-AjNU
041 _aeng
050 1 4 _aLB1051 2008
100 3 _aFernandes,Maria Milagris ,
_eauthor
_91318
245 0 4 _aThe Advanced Educational Psychology:The Psychology Of The Learner
250 _a1 ed
264 3 1 _aNew York:Himalaya Puplishing House,2008
300 _a623P
336 _atext
_btxt
_2rdacontent
337 _aunmediated
_bn
_2rdamedia
338 _avolume
_bnc
_2rdacarrier
650 4 _aEducational psychology Cognition-psychology of Learning. Educational tests and measurements
_91319
999 _aE693
_c693
_d693